000
00287nam a22001217a 4500
008
181023b xxu||||| |||| 00| 0 eng d
041
_a
eng
080
_2
4 ED
_a
510
100
_a
39
101
_a
MAT
245
_a
Elementary And Intermediate Algebrs
_c
Johnson.E.B
942
_2
udc
_c
BK
999
_c
50687
_d
50687